| 000 | 00801nam a2200253 a 4500 | ||
|---|---|---|---|
| 001 | 8215 | ||
| 003 | CO-ViMGA | ||
| 008 | 141112s2004 ck r 000 u spa d | ||
| 020 | _a958682053x | ||
| 040 |
_aCO-ViMGA _bspa _cCO-ViMGA |
||
| 082 | 0 | 4 | _aMEVIGAPOR.22 J15a |
| 100 | 1 |
_aJamsa, Kris _98015 |
|
| 245 | 1 | 0 |
_aActualice su PC / _cKris Jamsa |
| 260 |
_aBogotá, _cAlfaomega 1997 |
||
| 300 | _a238 p. | ||
| 490 | _avea como funciona | ||
| 590 | _aForma de adquisición : donacion - - Proveedor : Biblioteca Luis Ángel Arango | ||
| 650 | 1 | 4 |
_aCOMPUTACION _95430 |
| 650 | 1 | 4 |
_aCOMPUTADORES - MANTENIMIENTO _98016 |
| 650 | 1 | 4 |
_aENSAMBLAJE - MICROCOMPUTADORES _98017 |
| 650 | 1 | 4 |
_aMICROCOMPUTADORES - EQUIPO Y ACCESORIOS - MANTENIMIENTO _98018 |
| 650 | 1 | 4 |
_aREPARACION - PC _98019 |
| 942 |
_2ddc _cBK |
||
| 999 |
_c20026 _d20026 |
||